000 01427nam2a2200265 4500
001 RU\NLR\bibl\1910802
005 20260408072154.0
010 _a978-5-93119-201-7
_9100
035 _a(NLR Aleph) 002067886
090 _a4724290
_c4724290
100 _a20120605d2007 |||y0rusy50 ca
101 0 _arus
102 _aRU
105 _aa |||||||||
200 0 _aВып. 1
_e[материалы региональной научно-практической конференции, посвященные 110-летию областного краеведческого музея и 160-летию его основателя - А.К. Кузнецова]
210 _d2007
_aБ. м.
215 _a183 с.
_cил., карт.
320 _aБиблиогр. в прим. в конце ст.
461 0 _1001RU\NLR\bibl\1974986
_12001#$aУченые записки "Кузнецовские чтения"$vВып. 1
_94729459
_aКузнецовские чтения (Чита)
_cЧита
_d2007
_nПоиск
_tУченые записки "Кузнецовские чтения"
_vВып. 1
702 1 _4570
_7ca
_8rus
_aКузнецов
_bА. К.
_cкраевед
_f1845-1928
_gАлексей Кириллович
_9100969
_3RU\NLR\auth\77118044
711 1 2 _aКузнецовские чтения
_eЧита
_f2007
_9315610
_3RU\NLR\AUTH\8810214562
801 0 _aRU
_bNLR
_c20120605
_gRCR
801 1 _aRU
_bNLR
_c20120605
942 _cBOOK
980 _aNB